| 000 | 00615 a2200181 4500 | ||
|---|---|---|---|
| 003 | Nust | ||
| 005 | 20170207153547.0 | ||
| 040 | _cNust | ||
| 082 | _a005.1 | ||
| 100 | _aRiaz, Farina (MSCS-15) | ||
| 245 |
_aActor repositioning in wireless sensor and actor networks _cFarina Riaz, |
||
| 260 |
_bMCS,NUST _cSeptember 2010 _aRawalpindi |
||
| 300 | _aix, 67, p; | ||
| 505 | _aIntroduction (page-1) Background and related work (page-5) Methodology (page-21) Experimental setup and results (page-36) Limitations and conclusion (page-63) | ||
| 538 | _aAlmirah No 69 Shelf No 5 | ||
| 650 | _aPG Thesis | ||
| 651 | _aMSCS-15 | ||
| 942 | _cTHS | ||
| 999 |
_c188693 _d188693 |
||